Giáo trình quản trị doanh nghiệp
Giáo trình "Quản trị Doanh nghiệp" phục vụ cho việc học tập, nghiên cứu của sinh viên ccá hệ dài hạn, tại chức, bằng đại học thứ 2 chuyên ngành quản trị kinh doanh, những ngưopừi làm công tác tiến kinh doanh và những ai quan tâm đến lĩnh...
Guardat en:
| Autor principal: | |
|---|---|
| Format: | Llibre |
| Idioma: | Undetermined |
| Publicat: |
Hà Nội
Đại học Kinh tế Quốc dân
2010
|
| Matèries: | |
| Etiquetes: |
Afegir etiqueta
Sense etiquetes, Sigues el primer a etiquetar aquest registre!
|
| Thư viện lưu trữ: | Trung tâm Học liệu Trường Đại học Cần Thơ |
|---|
| LEADER | 01482nam a2200229Ia 4500 | ||
|---|---|---|---|
| 001 | CTU_163629 | ||
| 008 | 210402s9999 xx 000 0 und d | ||
| 020 | |c 61000 | ||
| 082 | |a 658.02 | ||
| 082 | |b Th596 | ||
| 100 | |a Ngô, Kim Thanh | ||
| 245 | 0 | |a Giáo trình quản trị doanh nghiệp | |
| 245 | 0 | |c Đồng chủ biên Ngô Kim Thanh, Lê Văn Tâm | |
| 260 | |a Hà Nội | ||
| 260 | |b Đại học Kinh tế Quốc dân | ||
| 260 | |c 2010 | ||
| 520 | |a Giáo trình "Quản trị Doanh nghiệp" phục vụ cho việc học tập, nghiên cứu của sinh viên ccá hệ dài hạn, tại chức, bằng đại học thứ 2 chuyên ngành quản trị kinh doanh, những ngưopừi làm công tác tiến kinh doanh và những ai quan tâm đến lĩnh vực này. Nội dung là tiếp cận với những kiến thức mới trong quản trị doanh nghiệp của thế giới, nhất là các nước đang phát triển, chắc lọc những vấn đề cơ bản nhất phù hợp với điều kiện ở Vuệt nam. | ||
| 526 | |a Kinh doanh nông nghiệp,Kinh doanh nông nghiệp,Quản lý kinh doanh nông nghiệp | ||
| 526 | |b PDH606,PDH606,PD617 | ||
| 650 | |a Industrial management,Quản lý công nghiệp | ||
| 904 | |i Bích Lam, Trọng Hiếu | ||
| 980 | |a Trung tâm Học liệu Trường Đại học Cần Thơ | ||